00371 2200145 4500001002100000005001500021035002000036245008400056300000800140260003300148082000800181084001200189990001200201990001200213INLIS00000000000258920250605020847 a0010-0625000175 aKeteramp[ilan Rahasia untuk Menghitung Cepat ; Matematika Cepat /cBill Handley a258 aBandung :bPakar Raya,c2003 a510 a510 KET a0420945 a0420946